000 00830nas a2200253 4500
001 BR0704564
003 BR-BrBNA
005 20231205111133.0
007 ta
008 230509b bl.|||p| |||| 00| 00por d
040 _aBR-BrBNA
_bpor
_cBiblioteca Nacional de Agricultura
041 _a(Pt)
072 _aM11; M12
100 1 _aJúnior, T.V.
100 1 _aHazin, F.H.V.
100 1 _aLessa, R.P.
245 1 _aPesca e hábitos alimentares do Peixe-Rei, Elegatis bipinnulata (Quoy Gaimard, 1825)(Pisces: Carangidae)no arquipélago de São Pedro e São Paulo, Brasil
650 _aPESCA
650 _aHABITO ALIMENTAR
650 _aPEIXE REI
773 0 _tArquivos de Ciências do Mar (Brazil)
_xISSN 0374-5686
_g(2006), v. 39 p. 61-65
_wBR0704564
909 _a202311
_bLúcia
_c55
_dLúcia Elande
942 _2AGRIS
_n0
_cANA
999 _c190892
_d190892